000 01792nam a2200385 i 4500
999 _c2767
_d2767
003 OSt
005 20230819152408.0
008 151020s2008 enka e 000 1 eng d
020 _a9780194791298
040 _aCaBVA
_beng
_cCaBVa
_dCaOL
_dKH8
082 _a428. 6 WES
100 1 _aWest, Clare,
_eauthor.
245 1 4 _aThe secret garden /
_cFrances Hodgson Burnett ; retold by Clare West ; illustrated by Jenny Brackley.
250 _aSimplified edition.
264 1 _aOxford, [England] :
_bOxford University Press,
_c[2008]
300 _a72 pages :
_billustrations ;
_c20 cm.
336 _atext
_2rdacontent.
337 _aunmediated
_2rdamedia.
338 _avolume
_2rdacarrier.
490 1 _aOxford bookworms library, Human interest ;
_v3.
500 _aFirst published in Oxford Bookworms, 1993.
520 _a"Little Mary Lennox is a bad-tempered, disagreeable child. When her parents die in India, she is sent back to England to live with her uncle in a big, lonely, old house. There is nothing to do all day except walk in the gardens - and watch the robin flying over the high walls of the secret garden...which has been locked for ten years. And no one has the key."--Back cover.
650 0 _aOrphans
_vJuvenile fiction.
650 0 _aGardens
_vJuvenile fiction.
650 0 _aPeople with disabilities
_vJuvenile fiction.
650 0 _aHigh interest-low vocabulary books.
650 0 _aReaders (Adult)
650 0 _aReaders for new literates.
651 0 _aYorkshire (England)
_vJuvenile fiction.
651 0 _aEngland
_vJuvenile fiction.
700 1 _iBased on (work):
_aBurnett, Frances Hodgson,
_d1849-1924.
_tSecret garden.
700 1 _aBrackley, Jenny,
_eillustrator.
830 0 _aOxford bookworms library.
_pHuman interest.
_pStage 3.
942 _2ddc
_cTR